[Event "Rhein Main op 10th"]
[Site "Bad Homburg"]
[Date "2007.06.07"]
[Round "3"]
[White "Ploetz, Hans Juergen"]
[Black "Muellergross, Christian"]
[Result "0-1"]
[WhiteElo "1358"]
[BlackElo "1559"]
[PlyCount "80"]
[EventDate "2007.06.06"]
[EventType "swiss"]
[EventRounds "7"]
[EventCountry "GER"]
[SourceTitle "EXT 2008"]
[Source "ChessBase"]
[SourceDate "2007.11.25"]
[SourceVersion "1"]
[SourceVersionDate "2007.11.25"]
[SourceQuality "1"]

1. d4 Nf6 2. Nf3 g6 3. Bf4 Bg7 4. e3 d6 5. c4 c5 6. Nc3 Qa5 7. Be2 Ne4 8. Qa4+ Qxa4 9. Nxa4 cxd4 10. exd4 Nc6 11. Bd3 f5 12. Be3 Nb4 13. Bb1 Bd7 14. Nc3 Nxc3 15. bxc3 Nc6 16. Bc2 e5 17. Rb1 e4 18. Nd2 b6 19. Bf4 Bf8 20. Nb3 h6 21. h4 Nd8 22. d5 Rc8 23. Nd2 Nf7 24. Bb3 Bg7 25. Rc1 Ne5 26. Bxe5 Bxe5 27. Ke2 0-0 28. f3 exf3+ 29. Nxf3 Bf4 30. Rc2 Rfe8+ 31. Kf2 Be3+ 32. Ke2 f4 33. Kd1 Bf5 34. Rb2 Bd3 35. Re1 Bxc4 36. Bxc4 Rxc4 37. Kc2 Rec8 38. Rb3 a5 39. Rxb6 Rxc3+ 40. Kb2 Bxb6 0-1